| 000 | 00339nam a22001217a 4500 | ||
|---|---|---|---|
| 003 | SGT | ||
| 082 |
_a345.05 _bCLA |
||
| 100 | _aCENTRAL LAW AGENCY | ||
| 245 |
_aTHE BHARATIYA NAGARIK SURAKSHA SANHITA 2023 _bREPEALING THE CODE OF CRIMINAL PROCEDURE 1973 |
||
| 260 |
_aPRYAGRAJ _bCENTRAL LAW AGENCY _c2024 |
||
| 300 | _a288 | ||
| 942 |
_2ddc _cBK _03 |
||
| 999 |
_c26348 _d26348 |
||